000 00388nam a22001457a 4500
003 macl
005 20180427143323.0
008 180427b xxu||||| |||| 00| 0 eng d
040 _cMacl
100 _aN D Arora
_972407
245 _aPolitical science for civil services main examination 2nd
260 _aDelhi
_bmcgraw hill
_c2017
650 _aPolitical science
_972408
942 _2ddc
_cBK
999 _c57997
_d57997